[Event "XXVII Festival A"]
[Site "Arco ITA"]
[Date "2005.10.27"]
[Round "6"]
[White "Romagnoli, Roberto"]
[Black "Bondielli, Giorgio"]
[Result "1-0"]
[WhiteElo "2139"]
[BlackElo "2005"]
[PlyCount "85"]
[EventDate "2005.10.22"]

1. c4 e5 2. Nc3 f5 3. e3 Nf6 4. Be2 d6 5. d4 exd4 6. exd4 g6 7. Nf3 Bg7 8. O-O
O-O 9. Re1 Re8 10. h3 c6 11. Bf4 Na6 12. c5 d5 13. Bxa6 bxa6 14. Qa4 Ne4 15.
Qxc6 Be6 16. Rad1 Qc8 17. Qxc8 Raxc8 18. a3 h6 19. Be5 g5 20. Bxg7 Kxg7 21. Ne5
Rb8 22. Nxe4 fxe4 23. b4 Rec8 24. Rb1 Rc7 25. Rb3 Bd7 26. Nxd7 Rxd7 27. Reb1
Rdb7 28. a4 Kf6 29. Kh2 Ke6 30. Kg3 h5 31. b5 axb5 32. Rxb5 Rxb5 33. axb5 Kd7
34. h4 g4 35. Rb2 Ke6 36. Kf4 Rf8+ 37. Ke3 Rb8 38. b6 axb6 39. cxb6 Kd6 40. Kf4
Kc6 41. b7 Rxb7 42. Rxb7 Kxb7 43. g3 1-0

[Event "XXVII Festival A"]
[Site "Arco ITA"]
[Date "2005.10.27"]
[Round "6"]
[White "Sartorio, Diego"]
[Black "Murli, Almerico"]
[Result "1/2-1/2"]
[WhiteElo "1939"]
[BlackElo "1803"]
[PlyCount "34"]
[EventDate "2005.10.22"]

1. e4 g6 2. d4 Bg7 3. Nc3 c6 4. Nf3 d6 5. Be2 Nf6 6. O-O O-O 7. h3 Qc7 8. Bf4
Nbd7 9. e5 Nh5 10. exd6 exd6 11. Be3 Re8 12. Qd2 Nb6 13. Bd3 Be6 14. b3 Nd5 15.
Bh6 Bxh6 16. Nxd5 Bxd5 17. Qxh6 Bxf3 1/2-1/2

[Event "XXVII Festival A"]
[Site "Arco ITA"]
[Date "2005.10.27"]
[Round "6"]
[White "Schaefer, Michael"]
[Black "Mosna, Alessandro"]
[Result "1-0"]
[WhiteElo "2217"]
[BlackElo "1993"]
[PlyCount "113"]
[EventDate "2005.10.22"]

1. Nf3 d6 2. c4 Nf6 3. Nc3 c6 4. g3 e5 5. d3 Be7 6. Bg2 O-O 7. O-O Qc7 8. b3
Nbd7 9. Bb2 b6 10. Rc1 Bb7 11. d4 Rad8 12. e4 Qb8 13. d5 Ne8 14. Ne1 Bg5 15. f4
Bh6 16. Rc2 Qa8 17. Nd3 exf4 18. gxf4 Nc7 19. Qh5 f5 20. dxc6 Bxc6 21. Nd5 Bxd5
22. exd5 Qc8 23. Nb4 Nf6 24. Qh4 Qd7 25. Nc6 Rde8 26. Bf3 Na6 27. Nd4 Nc5 28.
b4 Nce4 29. a3 Rf7 30. Rg2 Kh8 31. Be2 Nd2 32. Rd1 Rxe2 33. Rxe2 Nxc4 34. Ba1
Nxd5 35. Rde1 Kg8 36. Re8+ Rf8 37. Rxf8+ Kxf8 38. Ne6+ Kg8 39. Qh5 Nce3 40. Nd4
Bxf4 41. Qf3 Qf7 42. Kh1 g5 43. Rc1 Be5 44. Qh3 g4 45. Qh6 Qd7 46. Ne6 Kf7 47.
Ng5+ Ke8 48. Qh5+ Kd8 49. Nf7+ Ke7 50. Nxe5 dxe5 51. Qxh7+ Ke6 52. Qh6+ Nf6 53.
Qxe3 Qd5+ 54. Kg1 f4 55. Qc3 Kf5 56. Qc8+ Ke4 57. Qc2+ 1-0

[Event "XXVII Festival A"]
[Site "Arco ITA"]
[Date "2005.10.27"]
[Round "6"]
[White "Schrott, Ernst"]
[Black "Ziltener, Werner"]
[Result "1-0"]
[WhiteElo "1970"]
[BlackElo "2101"]
[PlyCount "63"]
[EventDate "2005.10.22"]

1. e4 e5 2. d4 exd4 3. Nf3 Nc6 4. Nxd4 Nf6 5. e5 Nxe5 6. Qe2 Qe7 7. Nc3 c6 8.
Bg5 d5 9. O-O-O Nc4 10. Qf3 Ne5 11. Qg3 Ng6 12. Be2 Qd6 13. Rde1 Qxg3 14. hxg3
Bc5 15. Bd3+ Kf8 16. Be3 Bb6 17. Na4 Ba5 18. c3 Ne5 19. Bc2 Ng6 20. b4 Bc7 21.
Nc5 Bd6 22. Nce6+ Bxe6 23. Nxe6+ fxe6 24. Bxg6 Ke7 25. Bc2 Kf7 26. f4 a5 27. a3
axb4 28. axb4 Ra1+ 29. Bb1 Rha8 30. Kb2 h6 31. Bg6+ Kxg6 32. Rxa1 1-0

[Event "XXVII Festival A"]
[Site "Arco ITA"]
[Date "2005.10.27"]
[Round "6"]
[White "Scotti, Umberto"]
[Black "Agostini, Guillermo"]
[Result "1/2-1/2"]
[WhiteElo "2182"]
[BlackElo "2050"]
[PlyCount "81"]
[EventDate "2005.10.22"]

1. d4 Nf6 2. Nf3 g6 3. Bf4 Bg7 4. e3 d6 5. Be2 c6 6. O-O Nh5 7. Bg5 h6 8. Bh4
g5 9. Nfd2 gxh4 10. Bxh5 Nd7 11. c4 Nf6 12. Bf3 Nh7 13. Nc3 O-O 14. Be2 e5 15.
Nf3 Qe7 16. dxe5 dxe5 17. e4 f5 18. Qc2 fxe4 19. Nxe4 Ng5 20. Nfxg5 hxg5 21. c5
Bf5 22. b4 Rad8 23. Bc4+ Kh8 24. Qe2 Bxe4 25. Qxe4 Rd4 26. Qe2 Qf6 27. Rad1
Rfd8 28. Rxd4 Rxd4 29. Rd1 Bf8 30. g3 Kg7 31. Rxd4 exd4 32. Qe4 Be7 33. Bd3 Kf8
34. Qh7 Ke8 35. Bf5 Kd8 36. Bd3 hxg3 37. hxg3 Ke8 38. b5 Kd8 39. bxc6 bxc6 40.
Qg8+ Kc7 41. Ba6 1/2-1/2

[Event "XXVII Festival A"]
[Site "Arco ITA"]
[Date "2005.10.27"]
[Round "6"]
[White "Sjoestroem, Olle"]
[Black "Pojer, Romeo"]
[Result "0-1"]
[WhiteElo "2011"]
[BlackElo "2153"]
[PlyCount "48"]
[EventDate "2005.10.22"]

1. d4 Nf6 2. c4 g6 3. g3 Bg7 4. Nc3 d6 5. Nf3 Nbd7 6. Bg2 O-O 7. O-O e5 8. Qc2
Re8 9. e4 exd4 10. Nxd4 Nxe4 11. Nxe4 Bxd4 12. Bg5 f6 13. Rad1 Bb6 14. Nxd6
cxd6 15. Rxd6 Qe7 16. Bd5+ Kg7 17. Re6 Qf8 18. Qc3 Rxe6 19. Bxe6 Ne5 20. Bd5
Bh3 21. Rd1 Bxf2+ 22. Kxf2 fxg5+ 23. Kg1 Qf6 24. Re1 Rf8 0-1

[Event "XXVII Festival A"]
[Site "Arco ITA"]
[Date "2005.10.27"]
[Round "6"]
[White "Tocco, Paolo"]
[Black "Sautto, Alessandra"]
[Result "1/2-1/2"]
[WhiteElo "2151"]
[BlackElo "1939"]
[PlyCount "105"]
[EventDate "2005.10.22"]

1. d4 d5 2. e4 e6 3. Nd2 dxe4 4. Nxe4 Bd7 5. Bd3 Bc6 6. Nf3 Bxe4 7. Bxe4 c6 8.
O-O Nf6 9. Bd3 Bd6 10. c3 Qc7 11. h3 Bf4 12. Re1 Bxc1 13. Rxc1 Nbd7 14. c4 O-O
15. g4 Rad8 16. b4 Qd6 17. Qd2 Kh8 18. Bf1 c5 19. bxc5 Nxc5 20. Qa5 Qf4 21.
Qxc5 Qxf3 22. Bg2 Qf4 23. Bxb7 Qxd4 24. Qxd4 Rxd4 25. c5 Rd7 26. c6 Rc7 27. Re3
Rb8 28. Rd1 Nd5 29. Ra3 Kg8 30. Rxa7 Kf8 31. Ra3 Nb4 32. Rd7 Rxd7 33. cxd7 Ke7
34. Bc8 Nc6 35. Rb3 Rxb3 36. axb3 Ne5 37. Kg2 Nxd7 38. Bxd7 Kxd7 39. Kf3 Kd6
40. Ke4 f6 41. f4 Kc5 42. h4 Kb4 43. Kd4 Kxb3 44. Kc5 Kc3 45. Kd6 Kd4 46. Kxe6
Ke4 47. g5 Kxf4 48. gxf6 gxf6 49. Kxf6 h5 50. Ke6 Kg3 51. Kf5 Kxh4 52. Kf4 Kh3
53. Kf3 1/2-1/2

[Event "XXVII Festival A"]
[Site "Arco ITA"]
[Date "2005.10.27"]
[Round "6"]
[White "Trauth, Michael"]
[Black "Geske, Julian"]
[Result "1/2-1/2"]
[WhiteElo "2225"]
[BlackElo "2077"]
[PlyCount "30"]
[EventDate "2005.10.22"]

1. Nf3 Nf6 2. c4 g6 3. g3 Bg7 4. Bg2 d6 5. Nc3 O-O 6. Rb1 a5 7. a3 e5 8. d3 Re8
9. O-O c6 10. b4 axb4 11. axb4 d5 12. b5 d4 13. bxc6 bxc6 14. Na4 Nbd7 15. Nd2
Qc7 1/2-1/2

[Event "XXVII Festival A"]
[Site "Arco ITA"]
[Date "2005.10.27"]
[Round "6"]
[White "Zagrebelny, Sergey"]
[Black "Bogdanov, Valentin"]
[Result "1-0"]
[WhiteElo "2513"]
[BlackElo "2399"]
[PlyCount "81"]
[EventDate "2005.10.22"]

1. e4 c5 2. Nf3 Nc6 3. Bb5 d6 4. O-O Bd7 5. Re1 Nf6 6. c3 e6 7. d4 Be7 8. d5
exd5 9. exd5 Ne5 10. Bxd7+ Nfxd7 11. Bf4 Nxf3+ 12. Qxf3 O-O 13. Nd2 Nb6 14. a4
Bg5 15. Bxg5 Qxg5 16. Ne4 Qg6 17. a5 Nxd5 18. Rad1 Rae8 19. Ng3 Nf6 20. Nf5 Kh8
21. Nxd6 Rxe1+ 22. Rxe1 Qc2 23. Qxb7 Qd2 24. Qe7 Kg8 25. Nc4 Qf4 26. Qxc5 h5
27. b3 Qb8 28. Rb1 Rc8 29. Qf5 Ng4 30. Nd6 Rf8 31. Qxh5 Nf6 32. Qc5 Rd8 33. Nf5
Qxb3 34. Rf1 Qb7 35. h3 g6 36. Ne3 Rc8 37. Qe5 Rc6 38. Rd1 Qc7 39. Qd4 Qe7 40.
c4 Rc7 41. Nd5 1-0

[Event "XXVII Festival A"]
[Site "Arco ITA"]
[Date "2005.10.28"]
[Round "7"]
[White "Bartonicek, Zdenek jr"]
[Black "Knors, Rudi"]
[Result "0-1"]
[WhiteElo "1887"]
[BlackElo "2075"]
[PlyCount "74"]
[EventDate "2005.10.22"]

1. Nf3 Nf6 2. g3 d5 3. c4 c6 4. b3 Bg4 5. Bg2 e6 6. Bb2 Nbd7 7. Na3 Bd6 8. O-O
O-O 9. Nc2 Qe7 10. Ne3 Bh5 11. d3 h6 12. a3 a5 13. Qd2 Bg6 14. Ne1 Nc5 15. Qd1
a4 16. b4 Nb3 17. c5 Bc7 18. Rb1 e5 19. N1c2 Nd7 20. Re1 f5 21. Nxd5 cxd5 22.
Bxd5+ Bf7 23. Bxb7 Ra7 24. Bc6 f4 25. d4 fxg3 26. hxg3 Bg6 27. e4 exd4 28. Nxd4
Nxd4 29. Bxd4 Ne5 30. Bxe5 Bxe5 31. Bxa4 Qf6 32. Bb3+ Kh8 33. f4 Bxf4 34. gxf4
Qxf4 35. Qe2 Rxa3 36. Rb2 Qg3+ 37. Kh1 Rf4 0-1

[Event "XXVII Festival A"]
[Site "Arco ITA"]
[Date "2005.10.28"]
[Round "7"]
[White "Bartonicek, Zdenek sr"]
[Black "Danielsen, Magnus"]
[Result "1/2-1/2"]
[WhiteElo "2097"]
[BlackElo "1961"]
[PlyCount "64"]
[EventDate "2005.10.22"]

1. Nf3 Nf6 2. d4 e6 3. c4 b6 4. g3 Bb7 5. Bg2 Be7 6. O-O O-O 7. Nc3 Ne4 8. Qc2
Nxc3 9. Qxc3 c5 10. Rd1 Bf6 11. Qd3 Qc8 12. e4 d6 13. Bg5 Bxg5 14. Nxg5 f6 15.
Nf3 e5 16. d5 g6 17. h4 Qd7 18. Kh2 Bc8 19. Rh1 Kg7 20. Kg1 h6 21. h5 g5 22.
Qe3 Qf7 23. Nd2 Bg4 24. Bf3 Bd7 25. Qe2 Na6 26. a3 Nc7 27. Bg4 b5 28. b3 Rab8
29. Bf5 Bxf5 30. exf5 bxc4 31. bxc4 Rb2 32. Kg2 Nxd5 1/2-1/2

[Event "XXVII Festival A"]
[Site "Arco ITA"]
[Date "2005.10.28"]
[Round "7"]
[White "Bergvoll, Mats"]
[Black "Ohman, Anders"]
[Result "1-0"]
[WhiteElo "1944"]
[BlackElo "2097"]
[PlyCount "61"]
[EventDate "2005.10.22"]

1. e4 e5 2. Nf3 Nc6 3. Bb5 Nf6 4. O-O d6 5. d4 Bd7 6. Re1 Be7 7. Nc3 exd4 8.
Nxd4 O-O 9. Nxc6 bxc6 10. Bd3 Re8 11. h3 h6 12. Ne2 Qb8 13. Ng3 c5 14. c4 Qb7
15. Bc2 Bf8 16. Qd3 Re7 17. Bd2 g6 18. f4 Rae8 19. e5 dxe5 20. fxe5 Nh7 21. h4
Bg7 22. h5 Nf8 23. hxg6 Nxg6 24. Nh5 Qc6 25. Nxg7 Kxg7 26. Bc3 Be6 27. Re3 Rh8
28. Rg3 Qe8 29. Rf1 Rd7 30. Qe3 Qe7 31. Rf6 1-0

[Event "XXVII Festival A"]
[Site "Arco ITA"]
[Date "2005.10.28"]
[Round "7"]
[White "Bogdanov, Valentin"]
[Black "Ager, Josef"]
[Result "1/2-1/2"]
[WhiteElo "2399"]
[BlackElo "2246"]
[PlyCount "76"]
[EventDate "2005.10.22"]

1. d4 Nf6 2. c4 g6 3. Nc3 Bg7 4. e4 d6 5. Nf3 O-O 6. h3 e5 7. d5 Na6 8. Bg5 Qe8
9. g4 Nd7 10. Rg1 Ndc5 11. a3 Bd7 12. b4 Na4 13. Nb5 Nb6 14. Qb3 Nc8 15. O-O-O
c6 16. dxc6 Bxc6 17. Nxd6 Nxd6 18. Rxd6 Bxe4 19. Nd2 Bc6 20. b5 e4 21. Bf4 Nc5
22. Qe3 Ne6 23. Rxe6 Qxe6 24. bxc6 Qxc6 25. Bg2 Rfe8 26. Bxe4 Qf6 27. Re1 Rad8
28. Bg5 Qb2+ 29. Kd1 Rd4 30. f3 Kh8 31. Bh6 b5 32. Bxg7+ Kxg7 33. c5 Red8 34.
Re2 Qa1+ 35. Kc2 b4 36. axb4 Qa2+ 37. Kd1 Qa1+ 38. Kc2 Qa2+ 1/2-1/2

[Event "XXVII Festival A"]
[Site "Arco ITA"]
[Date "2005.10.28"]
[Round "7"]
[White "Bondielli, Giorgio"]
[Black "Dusi, Valerio"]
[Result "1-0"]
[WhiteElo "2005"]
[BlackElo "1882"]
[PlyCount "53"]
[EventDate "2005.10.22"]

1. e4 e5 2. Nf3 Nc6 3. d4 exd4 4. Bc4 Nf6 5. O-O Nxe4 6. Re1 d5 7. Bxd5 Qxd5 8.
Nc3 Qa5 9. Nxe4 Be6 10. Neg5 O-O-O 11. Nxe6 fxe6 12. Rxe6 Qf5 13. Qe2 d3 14.
cxd3 Qxd3 15. Bg5 Qxe2 16. Rxe2 Rd5 17. Re8+ Kd7 18. Rae1 Bb4 19. Rxh8 Bxe1 20.
Kf1 Ba5 21. Rxh7 Rd1+ 22. Ke2 Rb1 23. Bf6 Ke6 24. Bxg7 Kf5 25. Rh5+ Kg6 26.
Rg5+ Kf7 27. Ne5+ 1-0

[Event "XXVII Festival A"]
[Site "Arco ITA"]
[Date "2005.10.28"]
[Round "7"]
[White "Bossoni, Mario"]
[Black "Most, Zdenek"]
[Result "0-1"]
[WhiteElo "1978"]
[BlackElo "2161"]
[PlyCount "84"]
[EventDate "2005.10.22"]

1. e4 d6 2. d4 Nf6 3. Nc3 g6 4. Nf3 Bg7 5. Be2 O-O 6. O-O Nc6 7. d5 Nb4 8. h3
a5 9. Re1 c6 10. a3 Na6 11. Bg5 h6 12. Bh4 Nc5 13. Bf1 Re8 14. Nd4 Qb6 15. Rb1
a4 16. Kh1 Ncd7 17. f4 Nh5 18. Bf2 Nxf4 19. dxc6 bxc6 20. Qd2 c5 21. Ndb5 Ne6
22. Nd5 Qa5 23. Qd1 Rb8 24. c4 Ba6 25. Ndc3 Bxb5 26. Nxb5 Nc7 27. Bg3 Nxb5 28.
cxb5 Be5 29. Bxe5 Nxe5 30. Be2 c4 31. Qc1 Kg7 32. Qc3 Qxb5 33. Rf1 Qc5 34. Bd1
Ra8 35. Bc2 Qa5 36. Qd4 Reb8 37. Rf4 Qb6 38. Qc3 f6 39. g4 Ra7 40. h4 Qc6 41.
Rbf1 g5 42. Qe3 Qb6 0-1

[Event "XXVII Festival A"]
[Site "Arco ITA"]
[Date "2005.10.28"]
[Round "7"]
[White "Bozzao, Francesco"]
[Black "Greevenbosch, Cornelis"]
[Result "1/2-1/2"]
[WhiteElo "1941"]
[BlackElo "2078"]
[PlyCount "51"]
[EventDate "2005.10.22"]

1. d4 Nf6 2. c4 e5 3. dxe5 Ng4 4. Nf3 Nc6 5. Bf4 Bb4+ 6. Nc3 Qe7 7. Qd5 f6 8.
e6 g5 9. exd7+ Bxd7 10. Bg3 O-O-O 11. O-O-O Bxc3 12. bxc3 Qa3+ 13. Kb1 Ne7 14.
Qf7 Bf5+ 15. Rd3 Rdf8 16. Qh5 Bxd3+ 17. exd3 f5 18. Qxg5 Rf6 19. Nd4 Rb6+ 20.
Nb5 Rf8 21. Ka1 Rxb5 22. cxb5 Qxc3+ 23. Kb1 Nd5 24. Qc1 Qb4+ 25. Qb2 Qe1+ 26.
Qc1 1/2-1/2

[Event "XXVII Festival A"]
[Site "Arco ITA"]
[Date "2005.10.28"]
[Round "7"]
[White "Crea, Vincenzo"]
[Black "Trauth, Michael"]
[Result "1-0"]
[WhiteElo "2082"]
[BlackElo "2225"]
[PlyCount "87"]
[EventDate "2005.10.22"]

1. d4 Nf6 2. Nf3 c5 3. c3 e6 4. Bf4 cxd4 5. cxd4 Qb6 6. Qc2 Nc6 7. e3 Nb4 8.
Qb3 Nbd5 9. Bg3 Bb4+ 10. Nfd2 Ne4 11. Bd3 f5 12. Ke2 Nxd2 13. Nxd2 f4 14. Nc4
Qc7 15. exf4 Bd6 16. Ne5 O-O 17. f5 Nb4 18. fxe6 dxe6 19. Nc4 Bxg3 20. hxg3
Nxd3 21. Qxd3 g6 22. Ne5 b6 23. Rac1 Qg7 24. Rh4 a5 25. Ke1 Bb7 26. f3 Rfd8 27.
Qe3 Rac8 28. Rxc8 Rxc8 29. Rf4 Rc7 30. Qb3 Bd5 31. Qxb6 h5 32. Qb8+ Kh7 33.
Qxc7 Qxc7 34. Rf7+ Qxf7 35. Nxf7 Bxa2 36. Kd2 Kg7 37. Ne5 g5 38. Kc3 Bd5 39.
Nc4 h4 40. gxh4 gxh4 41. Ne5 Kf6 42. Kd2 Kf5 43. Ke3 Bb7 44. Nc4 1-0

[Event "XXVII Festival A"]
[Site "Arco ITA"]
[Date "2005.10.28"]
[Round "7"]
[White "Del Nevo, Claudio"]
[Black "Coimbra, Margarida"]
[Result "1/2-1/2"]
[WhiteElo "1925"]
[BlackElo "2084"]
[PlyCount "31"]
[EventDate "2005.10.22"]

1. d4 d5 2. Nf3 Nf6 3. Bg5 c6 4. Bxf6 exf6 5. c3 Bd6 6. e3 Bf5 7. Bd3 Bxd3 8.
Qxd3 Na6 9. Nbd2 Nc7 10. O-O O-O 11. a3 Re8 12. Rfe1 Qd7 13. b4 a5 14. Nb3 axb4
15. axb4 Rxa1 16. Rxa1 1/2-1/2

[Event "XXVII Festival A"]
[Site "Arco ITA"]
[Date "2005.10.28"]
[Round "7"]
[White "Diotallevi, Maurizio"]
[Black "Allegranti, Luca"]
[Result "1-0"]
[WhiteElo "2113"]
[BlackElo "2024"]
[PlyCount "65"]
[EventDate "2005.10.22"]

1. d4 e6 2. e4 d5 3. Bd3 dxe4 4. Bxe4 Nf6 5. Bd3 c5 6. Nf3 Nc6 7. dxc5 Bxc5 8.
O-O O-O 9. c3 a5 10. Qe2 Qc7 11. Nbd2 Re8 12. Ne4 Nxe4 13. Qxe4 g6 14. Qh4 Bf8
15. Ng5 f5 16. Bf4 Qe7 17. Bd6 Qg7 18. Bxf8 Rxf8 19. Bc4 Re8 20. Rfe1 Nd8 21.
Rad1 Kh8 22. Rxd8 Rxd8 23. Nxh7 g5 24. Nxg5+ Kg8 25. Nxe6 Bxe6 26. Bxe6+ Kf8
27. Bxf5 Rd6 28. Qf4 Rf6 29. g4 Rd8 30. h4 Qf7 31. Qe5 b6 32. h5 a4 33. Bg6 1-0

[Event "XXVII Festival A"]
[Site "Arco ITA"]
[Date "2005.10.28"]
[Round "7"]
[White "Geske, Julian"]
[Black "Schaefer, Michael"]
[Result "0-1"]
[WhiteElo "2077"]
[BlackElo "2217"]
[PlyCount "108"]
[EventDate "2005.10.22"]

1. e4 c5 2. Nf3 d6 3. d4 cxd4 4. Nxd4 Nf6 5. Nc3 e6 6. Bc4 Be7 7. Bb3 Na6 8.
Bg5 Nc5 9. Qe2 Nfxe4 10. Nxe4 Bxg5 11. Qb5+ Kf8 12. Nxc5 dxc5 13. Qxc5+ Qe7 14.
Qe5 Bf6 15. Qe4 g6 16. O-O Kg7 17. Rad1 Rd8 18. Rfe1 Qc5 19. c3 a5 20. Nf3 Bd7
21. Ne5 Be8 22. Nd3 Qb6 23. Ba4 Bb5 24. Re2 Rd6 25. Bxb5 Qxb5 26. Red2 Rad8 27.
Qe3 Qf5 28. f4 g5 29. g3 h6 30. Nf2 Rxd2 31. Rxd2 Rxd2 32. Qxd2 Qb1+ 33. Kg2
Qxa2 34. Ne4 Qd5 35. Qe2 b5 36. fxg5 Bxg5 37. h4 Bd8 38. Kh2 f5 39. Nd2 Bf6 40.
c4 bxc4 41. Nxc4 e5 42. h5 e4 43. Ne3 Qe5 44. b3 Bg5 45. Qf2 f4 46. gxf4 Qxf4+
47. Kg2 Qxe3 48. Qb2+ Bf6 49. Qc2 Qf3+ 50. Kh2 Qxh5+ 51. Kg2 Qf3+ 52. Kh2 Be5+
53. Kg1 e3 54. b4 Qf2+ 0-1

[Event "XXVII Festival A"]
[Site "Arco ITA"]
[Date "2005.10.28"]
[Round "7"]
[White "Giancotti, Eraldo"]
[Black "Scotti, Umberto"]
[Result "0-1"]
[WhiteElo "2063"]
[BlackElo "2182"]
[PlyCount "102"]
[EventDate "2005.10.22"]

1. g3 f5 2. Bg2 e5 3. c4 d6 4. Nc3 Nf6 5. d3 g6 6. Nf3 Bg7 7. O-O O-O 8. Rb1 a5
9. a3 Nc6 10. b4 axb4 11. axb4 h6 12. b5 Ne7 13. c5 e4 14. cxd6 cxd6 15. Qb3+
Kh7 16. Nd4 Ng4 17. Nc2 d5 18. dxe4 fxe4 19. h3 Qc7 20. Bb2 Nf6 21. b6 Qd7 22.
Rfd1 Qe8 23. Nb5 Bd7 24. Nc7 Qf7 25. Nxa8 Rxa8 26. Rbc1 h5 27. Ra1 Re8 28. Nd4
Nc6 29. Nb5 Bf8 30. Nc7 Bc5 31. e3 Rf8 32. Rd2 h4 33. gxh4 Ne7 34. Ba3 Bxa3 35.
Rxa3 Bc6 36. Rda2 Nf5 37. Ra8 Rxa8 38. Rxa8 Nxh4 39. Qc3 Ng8 40. Qc1 Nxg2 41.
Kxg2 Qf3+ 42. Kg1 Qxh3 43. Qf1 Qg4+ 44. Kh2 Nh6 45. Qh3 Qe2 46. Kg2 d4 47. Ne6
Qf3+ 48. Qxf3 exf3+ 49. Kf1 dxe3 50. fxe3 Ng4 51. e4 Bb5+ 0-1

[Event "XXVII Festival A"]
[Site "Arco ITA"]
[Date "2005.10.28"]
[Round "7"]
[White "Isonzo, David"]
[Black "Pojer, Romeo"]
[Result "1-0"]
[WhiteElo "2337"]
[BlackElo "2153"]
[PlyCount "59"]
[EventDate "2005.10.22"]

1. e4 d6 2. d4 Nf6 3. Nc3 g6 4. f4 Bg7 5. Nf3 O-O 6. Bd3 Na6 7. O-O c5 8. d5
Nc7 9. a4 b6 10. Qe2 Bd7 11. Bc4 e6 12. dxe6 Bxe6 13. f5 gxf5 14. exf5 Bxc4 15.
Qxc4 d5 16. Qh4 d4 17. Ne4 Nxe4 18. Qxe4 Nd5 19. Qg4 Kh8 20. Ng5 Nf6 21. Qh4
Kg8 22. Ra3 Re8 23. Rg3 h6 24. Ne6 fxe6 25. Bxh6 Re7 26. Qxf6 Qf8 27. Bxg7 Rxg7
28. Qxe6+ Qf7 29. Rxg7+ Kxg7 30. f6+ 1-0

[Event "XXVII Festival A"]
[Site "Arco ITA"]
[Date "2005.10.28"]
[Round "7"]
[White "Ivanov, Mikhail M."]
[Black "Dittmar, Peter"]
[Result "0-1"]
[WhiteElo "2457"]
[BlackElo "2322"]
[PlyCount "66"]
[EventDate "2005.10.22"]

1. Nf3 d5 2. e3 Nf6 3. c4 e6 4. b3 Be7 5. Bb2 O-O 6. d4 b6 7. Bd3 Bb7 8. O-O c5
9. Nbd2 Nc6 10. Rc1 Rc8 11. Qe2 cxd4 12. exd4 Qc7 13. Ne5 dxc4 14. bxc4 Nxe5
15. dxe5 Nd7 16. f4 Nc5 17. Bb1 Rfd8 18. Nf3 g6 19. Nd4 Na4 20. Ba1 Ba3 21. Rc2
Qc5 22. Qe3 Nb2 23. Rxb2 Rxd4 24. Rbf2 Rxc4 25. Qd3 Be4 26. Qe2 Bxb1 27. Rxb1
Rxf4 28. Rd1 Qxf2+ 29. Qxf2 Bc5 30. Bd4 Rxf2 31. Bxf2 Bxf2+ 32. Kxf2 Rc2+ 33.
Kf3 Rxa2 0-1

[Event "XXVII Festival A"]
[Site "Arco ITA"]
[Date "2005.10.28"]
[Round "7"]
[White "Luther, Thomas"]
[Black "Caruana, Fabiano"]
[Result "1-0"]
[WhiteElo "2569"]
[BlackElo "2373"]
[PlyCount "87"]
[EventDate "2005.10.22"]

1. e4 e6 2. d4 d5 3. Nd2 c5 4. Ngf3 cxd4 5. Nxd4 Nc6 6. Bb5 Bd7 7. Nxc6 Bxc6 8.
Bxc6+ bxc6 9. c4 Bc5 10. cxd5 cxd5 11. Qa4+ Qd7 12. Qxd7+ Kxd7 13. exd5 exd5
14. O-O Nf6 15. Nb3 Bb6 16. Bd2 Rhc8 17. Rfc1 Ne4 18. Be1 a5 19. a4 Rcb8 20.
Ra3 Rc8 21. Kf1 Rxc1 22. Nxc1 Rc8 23. Nd3 Rc2 24. b4 Nd2+ 25. Bxd2 Rxd2 26.
bxa5 Bxa5 27. Nc5+ Kc7 28. Rf3 Rd1+ 29. Ke2 Re1+ 30. Kd3 Re7 31. Nb3 Bb6 32. a5
Ba7 33. Nd4 f6 34. Re3 Rxe3+ 35. fxe3 Kb7 36. Ne6 Ka6 37. Nxg7 Kxa5 38. Nh5 f5
39. Nf6 Kb5 40. Nxd5 Bc5 41. Nf6 h6 42. Ng8 Bf8 43. Kd4 Bc5+ 44. Ke5 1-0

[Event "XXVII Festival A"]
[Site "Arco ITA"]
[Date "2005.10.28"]
[Round "7"]
[White "Lymar, Irina"]
[Black "Wagman, Stuart"]
[Result "1-0"]
[WhiteElo "2309"]
[BlackElo "2124"]
[PlyCount "71"]
[EventDate "2005.10.22"]

1. d4 d5 2. Nf3 Nf6 3. c4 c6 4. e3 Bg4 5. h3 Bh5 6. cxd5 Bxf3 7. Qxf3 cxd5 8.
Bb5+ Nc6 9. O-O e6 10. Nc3 Be7 11. Bd2 Rc8 12. Rfc1 O-O 13. Qe2 a6 14. Bd3 g6
15. Rd1 Bd6 16. Rac1 Nd7 17. Na4 Qe7 18. a3 b5 19. Nc3 Nb6 20. Be1 Bb8 21. a4
b4 22. Nb1 a5 23. Ba6 Qd6 24. g3 Rcd8 25. b3 Na7 26. Nd2 Nd7 27. Nf3 f6 28. Kg2
Kg7 29. Rc2 Bc7 30. Rdc1 Bb6 31. Bd2 Rf7 32. e4 dxe4 33. Qxe4 Bxd4 34. Nxd4 Ne5
35. Nxe6+ Qxe6 36. Bc4 1-0

[Event "XXVII Festival A"]
[Site "Arco ITA"]
[Date "2005.10.28"]
[Round "7"]
[White "Mukic, Josko"]
[Black "Mazet, Julien"]
[Result "1/2-1/2"]
[WhiteElo "2328"]
[BlackElo "2250"]
[PlyCount "89"]
[EventDate "2005.10.22"]

1. f4 d5 2. b3 Nf6 3. e3 d4 4. Nf3 dxe3 5. Bb2 e6 6. Bc4 Bc5 7. Qe2 O-O 8. dxe3
Nd5 9. Bxd5 exd5 10. Nc3 c6 11. O-O-O Qe7 12. e4 dxe4 13. Nxe4 Ba3 14. Rhe1
Bxb2+ 15. Kxb2 Nd7 16. Nd6 Qf6+ 17. Kb1 Nb6 18. Qe5 Qxe5 19. Nxe5 Nd5 20. Rd4
f6 21. Nf3 Rd8 22. Nxc8 Raxc8 23. Kb2 Re8 24. Rde4 Kf7 25. g3 Rxe4 26. Rxe4 Re8
27. Rxe8 Kxe8 28. c4 Ne7 29. Kc3 Kd7 30. b4 Nf5 31. g4 Ne3 32. h3 b6 33. Kd3
Nd1 34. Kd4 Nf2 35. Ng1 g6 36. f5 g5 37. a4 Kd6 38. c5+ bxc5+ 39. bxc5+ Kc7 40.
Ne2 Kd7 41. Nc3 Nxh3 42. Ne4 Ke7 43. Kc4 a5 44. Kd4 Nf4 45. Ng3 1/2-1/2

[Event "XXVII Festival A"]
[Site "Arco ITA"]
[Date "2005.10.28"]
[Round "7"]
[White "Sautto, Alessandra"]
[Black "Romagnoli, Roberto"]
[Result "1/2-1/2"]
[WhiteElo "1939"]
[BlackElo "2139"]
[PlyCount "42"]
[EventDate "2005.10.22"]

1. d4 Nf6 2. Nf3 e6 3. Bf4 d5 4. Nbd2 c5 5. c3 Nc6 6. e3 Bd6 7. Bxd6 Qxd6 8.
Bd3 O-O 9. O-O b6 10. Qe2 Bb7 11. dxc5 bxc5 12. e4 dxe4 13. Nxe4 Nxe4 14. Qxe4
g6 15. Rad1 Ne5 16. Qh4 Qb6 17. Ng5 Kg7 18. Qxh7+ Kf6 19. Qh4 Kg7 20. Qh7+ Kf6
21. Qh4 Kg7 1/2-1/2

[Event "XXVII Festival A"]
[Site "Arco ITA"]
[Date "2005.10.28"]
[Round "7"]
[White "Schacher, Gerd"]
[Black "Bronznik, Valerij"]
[Result "1/2-1/2"]
[WhiteElo "2258"]
[BlackElo "2386"]
[PlyCount "42"]
[EventDate "2005.10.22"]

1. c4 f5 2. g3 g6 3. Bg2 Bg7 4. Nc3 Nf6 5. Nf3 O-O 6. Rb1 a5 7. a3 d6 8. b4
axb4 9. axb4 Nh5 10. Qb3 Kh8 11. d3 f4 12. Bb2 e5 13. c5 dxc5 14. bxc5 Nc6 15.
O-O g5 16. Ne4 g4 17. Nfd2 Qe8 18. Ra1 Rb8 19. Rfb1 Be6 20. Qc2 Qd7 21. Bc3 Bd5
1/2-1/2

[Event "XXVII Festival A"]
[Site "Arco ITA"]
[Date "2005.10.28"]
[Round "7"]
[White "Scharrer, Patrick"]
[Black "De Andres Gonalons, Fernando"]
[Result "0-1"]
[WhiteElo "2210"]
[BlackElo "2071"]
[PlyCount "34"]
[EventDate "2005.10.22"]

1. e4 e6 2. d4 d5 3. Nd2 dxe4 4. Nxe4 Nd7 5. Bd3 Ngf6 6. Qe2 c5 7. Nf3 cxd4 8.
Nxd4 Nxe4 9. Qxe4 Nc5 10. Bb5+ Bd7 11. Bxd7+ Qxd7 12. Qe3 O-O-O 13. b4 Na4 14.
Bb2 Nxb2 15. Nf3 Qb5 16. a4 Qc4 17. Rc1 Bxb4+ 0-1

[Event "XXVII Festival A"]
[Site "Arco ITA"]
[Date "2005.10.28"]
[Round "7"]
[White "Sprea, Giuseppe"]
[Black "Cazzaniga, Walter"]
[Result "1/2-1/2"]
[WhiteElo "2018"]
[BlackElo "2104"]
[PlyCount "87"]
[EventDate "2005.10.22"]

1. c4 Nf6 2. Nc3 g6 3. g3 Bg7 4. Bg2 O-O 5. Nf3 c5 6. O-O Nc6 7. d4 cxd4 8.
Nxd4 Ng4 9. Nxc6 dxc6 10. h3 Qxd1 11. Rxd1 Ne5 12. c5 Nc4 13. Na4 Bf5 14. e4
Be6 15. Rb1 Rad8 16. Bg5 Rfe8 17. b3 Na3 18. Rxd8 Rxd8 19. Rc1 h6 20. Be3 Nb5
21. Kf1 f5 22. h4 Kf7 23. Ke1 fxe4 24. Bxe4 Bf5 25. Bg2 Na3 26. Bd2 Bb1 27. Nc3
Bd3 28. Be4 Bxe4 29. Nxe4 Nb5 30. Rd1 Nd4 31. Ba5 Nf3+ 32. Ke2 Nd4+ 33. Kf1 Rd7
34. Bc3 e5 35. Nd6+ Ke6 36. f4 Nb5 37. Bxe5 Bxe5 38. fxe5 Kxe5 39. Nc4+ Ke6 40.
Rxd7 Kxd7 41. Ne5+ Ke6 42. Nxg6 Nc3 43. g4 Nxa2 44. Nf4+ 1/2-1/2